Statystyki dla Linie autobusów ZTM Mysłowice

Kliknij tutaj aby rozwiązać quiz!

Ogólne statystyki

  • Ten quiz został rozwiązany 39 razy
  • Średni wynik to 16 z 27

Statystyki odpowiedzi

Kierunek 1Kierunek 2Linia% Poprawnych
Międzyrzecze GospodaKatowice SądowaM22
78%
Brzezinka Wysoki Brzeg PętlaLigota Akademiki292
74%
Wesoła KopalniaZawodzie Centrum Przesiadkowe76
74%
Chełm Mały PętlaZawodzie Centrum Przesiadkowe149
70%
Tychy Gen. Grota RoweckiegoMysłowice Centrum Handlowe788
70%
Wesoła KopalniaKatowice SądowaM101
70%
Tworzeń Huta KatowiceZawodzie Centrum Przesiadkowe18
67%
Krasowy PrzedszkoleGiszowiec Kolista Pętla223
67%
Kosztowy PętlaCzeladź Wojkowicka Pętla35
67%
Golcówka ZPWZawodzie Centrum Przesiadkowe66
67%
Ławki PętlaMysłowice Kąpielisko Hubertus219
63%
Bieruń Potok StawowyZawodzie Centrum Przesiadkowe931
63%
Mysłowice PocztaSzopienice KościółT-14
63%
Tychy Dworzec PKPMysłowice Centrum Handlowe536
59%
Tychy TowarowaSosnowiec Szpital WojewódzkiM15
59%
Mysłowice PocztaSosnowiec Urząd MiastaT-26
59%
Brzezinka PętlaZagórze Zajezdnia106
56%
Wesoła KopalniaZawodzie Centrum Przesiadkowe44
52%
Kosztowy SzkołaWesoła Szkoła954
52%
Lędziny Kopalnia ZiemowitMysłowice Centrum Handlowe995
52%
Osiedle Bór PętlaRudna Stawowa150
48%
Wesoła KopalniaKatowice Sądowa672
48%
Ćmok PętlaCzeladź Wojkowicka Pętla935
44%
Jęzor Centrum HandloweSosnowiec Szpital Wojewódzki26
41%
Tworzeń Huta KatowiceKatowice Piotra Skargi808
33%
Wesoła KopalniaMysłowice Urząd Miasta160
30%
Wesoła KopalniaKatowice Dworzec PKP76N
26%

Rozkład punktacji

Percentyl według liczby udzielonych odpowiedzi

Procent ludzi z każdym wynikiem

Twoja historia wyników

Nie rozwiązałeś tego quizu